University Home | Library Home | Institutional Repository

Outline of pharmacology and therapeutics. (Record no. 44904)

MARC details
000 -LEADER
fixed length control field 00736cam0a220026500 4500
001 - CONTROL NUMBER
control field qce00205949
005 - DATE AND TIME OF LATEST TRANSACTION
control field 20190813180745.0
008 - FIXED-LENGTH DATA ELEMENTS--GENERAL INFORMATION
fixed length control field 781012s1963 ilua b 000 0 eng
010 ## - LIBRARY OF CONGRESS CONTROL NUMBER
LC control number 63011527
035 ## - SYSTEM CONTROL NUMBER
System control number (Sirsi) r68239
035 ## - SYSTEM CONTROL NUMBER
System control number (QCAT)lss02110957
035 ## - SYSTEM CONTROL NUMBER
System control number (UPRA)qce00205949
040 ## - CATALOGING SOURCE
Modifying agency UPRA
050 ## - LIBRARY OF CONGRESS CALL NUMBER
Classification number RM105
Item number .M3
082 ## - DEWEY DECIMAL CLASSIFICATION NUMBER
Classification number 615
100 1# - MAIN ENTRY--PERSONAL NAME
Titles and words associated with a name Sister.
Linkage A29240.1
245 10 - TITLE STATEMENT
Title Outline of pharmacology and therapeutics.
260 ## - PUBLICATION, DISTRIBUTION, ETC.
Place of publication, distribution, etc. Springfield, IL :
Name of publisher, distributor, etc. C.C. Thomas,
Date of publication, distribution, etc. [1963]
504 ## - BIBLIOGRAPHY, ETC. NOTE
Bibliography, etc. note Bibliography: p. 241-244.
650 #0 - SUBJECT ADDED ENTRY--TOPICAL TERM
Topical term or geographic name entry element Pharmacology.
Linkage S180.1
650 #0 - SUBJECT ADDED ENTRY--TOPICAL TERM
Topical term or geographic name entry element Therapeutics.
Linkage S532.1
650 #2 - SUBJECT ADDED ENTRY--TOPICAL TERM
Topical term or geographic name entry element Pharmacology
Linkage S180.1
949 ## - LOCAL PROCESSING INFORMATION (OCLC)
a RM105
w LC
i -91522
m MEDICAL
t BOOK
l ON-SHELF
Holdings
Withdrawn status Lost status Source of classification or shelving scheme Damaged status Not for loan Home library Current library Shelving location Total Checkouts Full call number Barcode Date last seen Copy number Price effective from Koha item type
    Library of Congress Classification     Medical Library Medical Library On Shelf   RM105 -91522 08/13/2019 1 08/13/2019 Book
© 2026 - The University of Zambia Library - Koha v25.11